000 00432nam a2200181Ia 4500
001 8725
005 20260306160631.0
008 260306t1970||||xx |||||||||||||| ||spa||
041 _aESP
082 _a371.3
_bP26
100 _aParedes Núñez, Julio E.,
_eAUT
245 0 _aLa pedagogía de nuestro tiempo
260 _c1970
300 _a275 páginas :
_c22 cm.
650 _aGEN
654 _aCED
942 _cLIB
_dJUS
_fJUS
_2ddc
_n
999 _c8725
_d8725